[Event "24. European Club Cup 2008"]
[Site "Kallithea GRE"]
[Date "2008.10.19"]
[Round "3.20"]
[White "Ris, Robert"]
[Black "Feygin, Michael"]
[Result "1-0"]
[WhiteElo "2417"]
[BlackElo "2569"]
[PlyCount "75"]
[EventDate "2008.10.17"]
[EventType "team-swiss"]
[EventRounds "7"]
[EventCountry "GRE"]
[Source "lmi"]
[SourceDate "2008.10.17"]
[WhiteTeam "Utrecht"]
[BlackTeam "Eupen"]

1. e4 e6 2. d4 d5 3. Nd2 c5 4. Ngf3 Nc6 5. exd5 exd5 6. Qe2+ Be7 7. dxc5 Nf6 8.
Nb3 O-O 9. Be3 Re8 10. O-O-O a5 11. Qb5 Bd7 12. Qa4 Nb4 13. Bb5 Nxa2+ 14. Kb1
Bxb5 15. Qxb5 Nb4 16. Rhe1 Qc7 17. g3 Ne4 18. c3 Nc6 19. Rxd5 Bf6 20. Red1 a4
21. Nbd2 Nxd2+ 22. R1xd2 a3 23. Rd7 Qc8 24. Qb3 axb2 25. Ng5 Ra1+ 26. Kxb2 Qa8
27. Nxf7 Bxc3+ 28. Kc2 Nb4+ 29. Kxc3 Ra3 30. Nh6+ Kh8 31. Rd8 Nd5+ 32. R2xd5
Qa5+ 33. Kc2 Ra2+ 34. Kd1 Ra1+ 35. Ke2 Qe1+ 36. Kf3 Qh1+ 37. Kg4 Qe4+ 38. Kh3
1-0

[Event "24. European Club Cup 2008"]
[Site "Kallithea GRE"]
[Date "2008.10.19"]
[Round "3.20"]
[White "Glek, Igor"]
[Black "Berkvens, Joost"]
[Result "1-0"]
[WhiteElo "2512"]
[BlackElo "2431"]
[PlyCount "59"]
[EventDate "2008.10.17"]
[EventType "team-swiss"]
[EventRounds "7"]
[EventCountry "GRE"]
[Source "lmi"]
[SourceDate "2008.10.17"]
[WhiteTeam "Eupen"]
[BlackTeam "Utrecht"]

1. e4 c5 2. d3 Nc6 3. f4 d5 4. Be2 Nf6 5. e5 Nd7 6. Nf3 e6 7. c3 b5 8. O-O Be7
9. Be3 Nb6 10. d4 Nc4 11. Bxc4 bxc4 12. dxc5 Qa5 13. Na3 Bxc5 14. Nc2 Rb8 15.
Qc1 Bxe3+ 16. Nxe3 O-O 17. Rf2 Qb6 18. Qd2 Rd8 19. Rd1 Qa6 20. a3 d4 21. cxd4
Rb3 22. Qc1 Na5 23. d5 exd5 24. Rxd5 Rxd5 25. Nxd5 Bb7 26. Nb4 Qg6 27. Nd4 Rh3
28. Qd1 h6 29. f5 Qg5 30. e6 1-0

[Event "24. European Club Cup 2008"]
[Site "Kallithea GRE"]
[Date "2008.10.19"]
[Round "3.20"]
[White "Buhr, Carl Christian Dr"]
[Black "Okkes, Menno"]
[Result "1/2-1/2"]
[WhiteElo "2346"]
[BlackElo "2359"]
[PlyCount "95"]
[EventDate "2008.10.17"]
[EventType "team-swiss"]
[EventRounds "7"]
[EventCountry "GRE"]
[Source "lmi"]
[SourceDate "2008.10.17"]
[WhiteTeam "Eupen"]
[BlackTeam "Utrecht"]

1. c4 e6 2. g3 d5 3. Bg2 Nf6 4. Nf3 dxc4 5. Qa4+ c6 6. Qxc4 b5 7. Qc2 Bb7 8.
O-O Nbd7 9. a4 a6 10. d3 c5 11. Bd2 Be7 12. Nc3 b4 13. Nd1 O-O 14. Ne3 Nd5 15.
Nc4 N5b6 16. Na5 Bc8 17. Nc6 Qe8 18. Nxe7+ Qxe7 19. d4 Rb8 20. Ng5 g6 21. dxc5
Nxc5 22. Bxb4 Nbd7 23. Bd2 Nb3 24. Ra3 Nd4 25. Qe4 Rxb2 26. Qxd4 Rxd2 27. Qxd2
Qxa3 28. Rc1 Nf6 29. Bc6 Qe7 30. Qf4 Nh5 31. Qe3 Rd8 32. Bf3 Nf6 33. Qf4 h6 34.
Ne4 Nxe4 35. Bxe4 Kg7 36. Rc7 Qf6 37. Qxf6+ Kxf6 38. Bd3 Bd7 39. a5 Bb5 40.
Bxb5 axb5 41. Rb7 Rd5 42. e4 Re5 43. a6 Rxe4 44. Rxb5 Ra4 45. Rb6 g5 46. h3 h5
47. Kf1 h4 48. Kg2 1/2-1/2

[Event "24. European Club Cup 2008"]
[Site "Kallithea GRE"]
[Date "2008.10.19"]
[Round "3.20"]
[White "Michielsen, Joost"]
[Black "Ahn, Martin"]
[Result "1/2-1/2"]
[WhiteElo "2365"]
[BlackElo "2321"]
[PlyCount "39"]
[EventDate "2008.10.17"]
[EventType "team-swiss"]
[EventRounds "7"]
[EventCountry "GRE"]
[Source "lmi"]
[SourceDate "2008.10.17"]
[WhiteTeam "Utrecht"]
[BlackTeam "Eupen"]

1. e4 c5 2. Nf3 Nc6 3. d4 cxd4 4. Nxd4 e5 5. Nb5 a6 6. Nd6+ Bxd6 7. Qxd6 Qf6 8.
Qxf6 Nxf6 9. Nc3 Nb4 10. Kd2 d6 11. a3 Nc6 12. Nd5 Nxd5 13. exd5 Nd4 14. b4 Bf5
15. Bb2 Nxc2 16. Rc1 Nd4 17. Bxd4 exd4 18. Bd3 Bxd3 19. Kxd3 Kd7 20. Rc4
1/2-1/2

[Event "24. European Club Cup 2008"]
[Site "Kallithea GRE"]
[Date "2008.10.19"]
[Round "3.20"]
[White "Petzold, Klaus"]
[Black "Goes, Sten"]
[Result "1-0"]
[WhiteElo "2241"]
[BlackElo "2143"]
[PlyCount "65"]
[EventDate "2008.10.17"]
[EventType "team-swiss"]
[EventRounds "7"]
[EventCountry "GRE"]
[Source "lmi"]
[SourceDate "2008.10.17"]
[WhiteTeam "Eupen"]
[BlackTeam "Utrecht"]

1. c4 e5 2. Nc3 Nf6 3. Nf3 Nc6 4. e3 d5 5. cxd5 Nxd5 6. Bb5 Nxc3 7. bxc3 Bd7 8.
e4 Bc5 9. O-O Qf6 10. d4 Bb6 11. d5 Nb8 12. Qa4 h6 13. Ba3 g5 14. Nd2 a6 15.
Bxd7+ Nxd7 16. Nb3 Qg6 17. c4 Qxe4 18. Rae1 Qf4 19. g3 Qf6 20. c5 Ba7 21. c6
bxc6 22. dxc6 Nf8 23. Qa5 Ne6 24. Rxe5 Bb6 25. Qd2 Rd8 26. Rd5 Rxd5 27. Qxd5
Qd8 28. Qf3 g4 29. Qxg4 h5 30. Qf3 h4 31. Rd1 Qg5 32. Qd3 Nf8 33. Re1+ 1-0

[Event "24. European Club Cup 2008"]
[Site "Kallithea GRE"]
[Date "2008.10.19"]
[Round "3.21"]
[White "Georgiev, Krum"]
[Black "Karkanaqe, Ilir"]
[Result "1-0"]
[WhiteElo "2453"]
[BlackElo "2383"]
[PlyCount "109"]
[EventDate "2008.10.17"]
[EventType "team-swiss"]
[EventRounds "7"]
[EventCountry "GRE"]
[Source "lmi"]
[SourceDate "2008.10.17"]
[WhiteTeam "Galaxias Thessaloniki"]
[BlackTeam "Butrinti"]

1. e4 e5 2. Nf3 Nf6 3. Nxe5 d6 4. Nf3 Nxe4 5. c4 Bg4 6. d4 Be7 7. Nc3 Ng5 8.
Be2 Nxf3+ 9. Bxf3 Bxf3 10. Qxf3 Nc6 11. Be3 O-O 12. O-O Bg5 13. Qh5 Bf6 14.
Rad1 g6 15. Qf3 Bg7 16. Nd5 a5 17. h4 Nb4 18. Bg5 f6 19. Bd2 Nxa2 20. h5 g5 21.
Ne3 f5 22. Nxf5 c6 23. Qg4 Qf6 24. Nxg7 Qxg7 25. Qe6+ Qf7 26. Qxd6 Qxh5 27.
Qe6+ Qf7 28. Qe5 h6 29. b3 Nb4 30. Bc3 Qf5 31. Qg3 Rae8 32. Rd2 Re4 33. Rfd1
Qf4 34. Qxf4 gxf4 35. Ra1 b6 36. Bxb4 axb4 37. Ra6 f3 38. Rxb6 Rg4 39. g3 h5
40. Kh2 Re4 41. Rxc6 Rfe8 42. Rf6 Re2 43. Rd3 Rxf2+ 44. Kh3 Ree2 45. Kh4 Rd2
46. Rdxf3 Rxd4+ 47. Kxh5 Rxf3 48. Rxf3 Rd2 49. Kg6 Rd6+ 50. Kf5 Rd2 51. Ke4 Kg7
52. c5 Rc2 53. Kd5 Rc3 54. Rf4 Rxb3 55. c6 1-0

[Event "24. European Club Cup 2008"]
[Site "Kallithea GRE"]
[Date "2008.10.19"]
[Round "3.21"]
[White "Cela, Shkelqim"]
[Black "Kanakaris, Georgios"]
[Result "0-1"]
[WhiteElo "2302"]
[BlackElo "2342"]
[PlyCount "78"]
[EventDate "2008.10.17"]
[EventType "team-swiss"]
[EventRounds "7"]
[EventCountry "GRE"]
[Source "lmi"]
[SourceDate "2008.10.17"]
[WhiteTeam "Butrinti"]
[BlackTeam "Galaxias Thessaloniki"]

1. e4 e6 2. d4 d5 3. Nd2 Nf6 4. e5 Nfd7 5. c3 c5 6. Bd3 Nc6 7. Ne2 cxd4 8. cxd4
f6 9. exf6 Nxf6 10. Nf3 Bd6 11. O-O O-O 12. Bg5 Qc7 13. Rc1 Bd7 14. Ng3 Bf4 15.
Bxf4 Qxf4 16. Re1 Rac8 17. Rc2 Ng4 18. Rce2 Kh8 19. Bb5 e5 20. dxe5 Be6 21. Qd2
Qf7 22. Bd3 Qe7 23. Ng5 Nd4 24. h3 Nxe2+ 25. Rxe2 Nh6 26. Nxh7 Rfe8 27. Nf6
Red8 28. Qg5 Qf7 29. Ngh5 Ng8 30. Qh4 Nh6 31. Nf4 Rc4 32. Bxc4 dxc4 33. Nxe6
Qxe6 34. Ng4 Rd4 35. Qh5 c3 36. bxc3 Rd1+ 37. Kh2 Qc4 38. Re3 Qf4+ 39. g3 Qc4
0-1

[Event "24. European Club Cup 2008"]
[Site "Kallithea GRE"]
[Date "2008.10.19"]
[Round "3.21"]
[White "Galopoulos, N."]
[Black "Mehmeti, Dritan"]
[Result "1/2-1/2"]
[WhiteElo "2262"]
[BlackElo "2403"]
[PlyCount "50"]
[EventDate "2008.10.17"]
[EventType "team-swiss"]
[EventRounds "7"]
[EventCountry "GRE"]
[Source "lmi"]
[SourceDate "2008.10.17"]
[WhiteTeam "Galaxias Thessaloniki"]
[BlackTeam "Butrinti"]

1. d4 Nf6 2. c4 c5 3. d5 b5 4. cxb5 a6 5. f3 axb5 6. e4 Qa5+ 7. Bd2 b4 8. Na3
d6 9. Nc4 Qa7 10. Bd3 g6 11. Ne2 Bg7 12. O-O O-O 13. a3 Ba6 14. axb4 cxb4+ 15.
Be3 Qb7 16. Nb6 Ra7 17. Qd2 Bxd3 18. Qxd3 Rxa1 19. Rxa1 Nfd7 20. Nxd7 Nxd7 21.
Ra7 Qc8 22. Qb5 Ne5 23. Nd4 Qc4 24. Ra4 Qxb5 25. Nxb5 Nc4 1/2-1/2

[Event "24. European Club Cup 2008"]
[Site "Kallithea GRE"]
[Date "2008.10.19"]
[Round "3.21"]
[White "Seitaj, Ilir"]
[Black "Vragoteris, Antonios"]
[Result "1-0"]
[WhiteElo "2391"]
[BlackElo "2267"]
[PlyCount "143"]
[EventDate "2008.10.17"]
[EventType "team-swiss"]
[EventRounds "7"]
[EventCountry "GRE"]
[Source "lmi"]
[SourceDate "2008.10.17"]
[WhiteTeam "Butrinti"]
[BlackTeam "Galaxias Thessaloniki"]

1. e4 c5 2. Nf3 e6 3. d4 cxd4 4. Nxd4 Nf6 5. Nc3 d6 6. g3 a6 7. Bg2 Qc7 8. O-O
Nc6 9. Nb3 b5 10. a3 Rb8 11. f4 Be7 12. Be3 O-O 13. Qe2 Re8 14. g4 Bf8 15. g5
Nd7 16. Rad1 Nb6 17. Bc1 g6 18. Rd3 b4 19. axb4 Nxb4 20. Rh3 Nc4 21. Kh1 a5 22.
Qf2 Qb6 23. Qh4 h6 24. gxh6 Be7 25. Qg3 Kh7 26. f5 Ne5 27. fxg6+ fxg6 28. Be3
Qd8 29. Nd4 Rf8 30. Rg1 Bf6 31. Nce2 Qe7 32. b3 Bd7 33. Rd1 a4 34. c3 Nbd3 35.
b4 Nb2 36. Ra1 Nec4 37. Bg1 e5 38. Nf3 Bxh3 39. Bxh3 Kxh6 40. Bf2 Rg8 41. Rg1
Nd3 42. Bg4 Qb7 43. Be6 Qxe4 44. Bxc4 Nxf2+ 45. Qxf2 Qxc4 46. Qe3+ Kh7 47. Rg3
Rg7 48. Nd2 Qc6+ 49. Ne4 Kg8 50. Qf3 Qb7 51. Nxf6+ Kf7 52. Nh5+ Kg8 53. Nxg7
Qxf3+ 54. Rxf3 Kxg7 55. Rf1 d5 56. Ra1 d4 57. cxd4 exd4 58. Nxd4 Rxb4 59. Ne6+
Kf6 60. Nc5 Rc4 61. Nxa4 Rc2 62. Ra3 g5 63. Rc3 Re2 64. Nc5 g4 65. Kg1 Kf5 66.
Nd3 Re3 67. Rc5+ Ke4 68. Nf2+ Kf4 69. Kg2 Re2 70. Rc4+ Kf5 71. Kg3 Re3+ 72. Kh4
1-0

[Event "24. European Club Cup 2008"]
[Site "Kallithea GRE"]
[Date "2008.10.19"]
[Round "3.22"]
[White "Svensen, Tarjei"]
[Black "Gvein, Kenneth"]
[Result "1/2-1/2"]
[WhiteElo "2128"]
[BlackElo "2189"]
[PlyCount "65"]
[EventDate "2008.10.17"]
[EventType "team-swiss"]
[EventRounds "7"]
[EventCountry "GRE"]
[Source "lmi"]
[SourceDate "2008.10.17"]
[WhiteTeam "OSS"]
[BlackTeam "av 1911"]

1. d4 d5 2. c4 c6 3. Nc3 Nf6 4. e3 e6 5. Qc2 Nbd7 6. Nf3 Bd6 7. g4 Nxg4 8. Rg1
f5 9. h3 Ngf6 10. Rxg7 Ne4 11. Bd3 Qf6 12. Rg2 a6 13. Bd2 Nf8 14. O-O-O Ng6 15.
Rdg1 Bd7 16. Na4 b5 17. Nb6 Rb8 18. c5 Nxd2 19. Qxd2 Bc7 20. h4 Nf8 21. h5 h6
22. Qc3 Rh7 23. Rg8 Qe7 24. Ne5 Bxe5 25. dxe5 a5 26. Qd4 Kd8 27. e4 fxe4 28.
Bxe4 Rf7 29. Bc2 Kc7 30. f4 Qh4 31. R8g4 Qe7 32. Bg6 Rg7 33. R1g3 1/2-1/2

[Event "24. European Club Cup 2008"]
[Site "Kallithea GRE"]
[Date "2008.10.19"]
[Round "3.23"]
[White "Muhren, Bianca"]
[Black "Zickus, Simonas"]
[Result "1-0"]
[WhiteElo "2278"]
[BlackElo "2315"]
[PlyCount "97"]
[EventDate "2008.10.17"]
[EventType "team-swiss"]
[EventRounds "7"]
[EventCountry "GRE"]
[Source "lmi"]
[SourceDate "2008.10.17"]
[WhiteTeam "Calder"]
[BlackTeam "Panevezys"]

1. e4 c5 2. Nf3 Nc6 3. d4 cxd4 4. Nxd4 Nf6 5. Nc3 e5 6. Ndb5 d6 7. Bg5 a6 8.
Na3 b5 9. Nd5 Be7 10. Bxf6 Bxf6 11. c4 b4 12. Nc2 Rb8 13. b3 O-O 14. g3 Bg5 15.
h4 Bh6 16. Bh3 Be6 17. Kf1 Qd7 18. Kg2 f5 19. exf5 Bxf5 20. Bxf5 Qxf5 21. Qe2
e4 22. g4 Qf3+ 23. Qxf3 exf3+ 24. Kg3 g6 25. Rae1 Rb7 26. Re4 Bg7 27. Rd1 Be5+
28. Kh3 a5 29. Ne1 Rbf7 30. Nd3 Bd4 31. Kg3 Ba7 32. N3f4 Ne5 33. g5 h5 34. Nf6+
Rxf6 35. gxf6 Rxf6 36. Nd5 Rf7 37. Rf4 Bc5 38. Rxf7 Kxf7 39. Nf4 g5 40. hxg5
h4+ 41. Kxh4 Bxf2+ 42. Kh5 Be3 43. Rxd6 f2 44. Rf6+ Kg8 45. Ng6 Nd3 46. Ne7+
Kh7 47. g6+ Kh8 48. Rf8+ Kg7 49. Rf7+ 1-0

[Event "24. European Club Cup 2008"]
[Site "Kallithea GRE"]
[Date "2008.10.19"]
[Round "3.23"]
[White "Bucinskas, Valdas"]
[Black "Muhren, Willem"]
[Result "1-0"]
[WhiteElo "2325"]
[BlackElo "2222"]
[PlyCount "95"]
[EventDate "2008.10.17"]
[EventType "team-swiss"]
[EventRounds "7"]
[EventCountry "GRE"]
[Source "lmi"]
[SourceDate "2008.10.17"]
[WhiteTeam "Panevezys"]
[BlackTeam "Calder"]

1. e4 d6 2. d4 Nf6 3. Nc3 g6 4. g3 Bg7 5. Bg2 O-O 6. Nge2 e5 7. h3 b6 8. O-O
Bb7 9. Bg5 h6 10. Be3 Re8 11. d5 c6 12. dxc6 Bxc6 13. Qd2 Kh7 14. Rad1 Bf8 15.
g4 Nbd7 16. g5 Nh5 17. Ng3 Nf4 18. Bxf4 exf4 19. Qxf4 Ne5 20. h4 Rc8 21. Qc1
hxg5 22. hxg5 b5 23. Bh3 b4 24. Nd5 Bxd5 25. Rxd5 Rc6 26. f4 Nc4 27. Rd3 Qc7
28. b3 Na5 29. Rf2 Bg7 30. Kg2 Nb7 31. f5 Nc5 32. Rdf3 Nxe4 33. fxg6+ fxg6 34.
Nxe4 Rxe4 35. Rf7 Re7 36. Be6 Rxe6 37. Rxc7 Rxc7 38. Qh1+ Kg8 39. Kf1 Rce7 40.
Qa8+ Re8 41. Qxa7 Re1+ 42. Kg2 R1e5 43. Qf7+ Kh7 44. Qf4 Rb8 45. Kf1 Rbb5 46.
Qh4+ Kg8 47. Qc4+ Rbd5 48. Qc8+ 1-0

[Event "24. European Club Cup 2008"]
[Site "Kallithea GRE"]
[Date "2008.10.19"]
[Round "3.23"]
[White "Huizer, Mark"]
[Black "Zapolskis, Antanas"]
[Result "1/2-1/2"]
[WhiteElo "2195"]
[BlackElo "2346"]
[PlyCount "111"]
[EventDate "2008.10.17"]
[EventType "team-swiss"]
[EventRounds "7"]
[EventCountry "GRE"]
[Source "lmi"]
[SourceDate "2008.10.17"]
[WhiteTeam "Calder"]
[BlackTeam "Panevezys"]

1. d4 b5 2. Bf4 e6 3. Nf3 Bb7 4. e3 a6 5. Bd3 Nf6 6. h3 c5 7. c3 d6 8. Nbd2 Nc6
9. Qe2 Be7 10. O-O O-O 11. Rfd1 Qb6 12. a4 c4 13. Bc2 h6 14. e4 Rfd8 15. Rdb1
Bf8 16. b3 cxb3 17. Bxb3 b4 18. cxb4 Nxd4 19. Nxd4 Qxd4 20. Be3 Qe5 21. f4 Qh5
22. Qxh5 Nxh5 23. Bd1 Nf6 24. Bf3 e5 25. b5 Rdc8 26. Rc1 Nd7 27. Bg4 Rxc1+ 28.
Rxc1 exf4 29. Bxf4 Nc5 30. Be3 axb5 31. axb5 Ra2 32. b6 Rb2 33. Nc4 Rb5 34. e5
Nd3 35. Rd1 Nxe5 36. Nxd6 Bxd6 37. Rxd6 Nxg4 38. hxg4 Rb2 39. Rd2 Rb5 40. Rd8+
Kh7 41. Rd7 Bd5 42. b7 Bxb7 43. Rxf7 Kg6 44. Rd7 Bc8 45. Rc7 Bxg4 46. Bd4 h5
47. Rxg7+ Kf5 48. Bf2 Rb4 49. Re7 Kf6 50. Bh4+ Kg6 51. Bf2 Bf5 52. Re8 Be4 53.
Re5 Rb7 54. Re6+ Kg7 55. Rb6 Rxb6 56. Bxb6 1/2-1/2

[Event "24. European Club Cup 2008"]
[Site "Kallithea GRE"]
[Date "2008.10.19"]
[Round "3.24"]
[White "Henrichs, Thomas"]
[Black "Gunnarsson, Jon Viktor"]
[Result "1-0"]
[WhiteElo "2485"]
[BlackElo "2430"]
[PlyCount "83"]
[EventDate "2008.10.17"]
[EventType "team-swiss"]
[EventRounds "7"]
[EventCountry "GRE"]
[Source "lmi"]
[SourceDate "2008.10.17"]
[WhiteTeam "Differdange"]
[BlackTeam "Bolungarvik"]

1. d4 Nf6 2. c4 c5 3. d5 b5 4. Nf3 g6 5. cxb5 a6 6. Nc3 Bg7 7. e4 d6 8. a4 O-O
9. h3 axb5 10. Bxb5 Ba6 11. Bg5 Nbd7 12. O-O Bxb5 13. axb5 Nb6 14. Qb3 Qc7 15.
Ra6 Rab8 16. Re1 h6 17. Be3 Nfd7 18. Rea1 Rb7 19. R1a3 Rfb8 20. Qa2 Kh7 21. Ra7
Nc8 22. Rxb7 Qxb7 23. Ra5 Ndb6 24. Bf4 Qd7 25. Bg3 Rb7 26. Qb3 Na7 27. e5 f6
28. e6 Qe8 29. Qa2 Nac8 30. Nd2 g5 31. Nc4 f5 32. Nxb6 Nxb6 33. f4 Qh8 34. Ra7
Qb8 35. Rxb7 Qxb7 36. Qa6 Qc7 37. Kh1 Bd4 38. Na4 c4 39. Nc3 Qc5 40. Qb7 Bxc3
41. bxc3 Nxd5 42. Bh2 1-0

[Event "24. European Club Cup 2008"]
[Site "Kallithea GRE"]
[Date "2008.10.19"]
[Round "3.24"]
[White "Gislason, Gudmundur"]
[Black "Jeitz, Christian"]
[Result "1/2-1/2"]
[WhiteElo "2328"]
[BlackElo "2251"]
[PlyCount "85"]
[EventDate "2008.10.17"]
[EventType "team-swiss"]
[EventRounds "7"]
[EventCountry "GRE"]
[Source "lmi"]
[SourceDate "2008.10.17"]
[WhiteTeam "Bolungarvik"]
[BlackTeam "Differdange"]

1. Nf3 Nf6 2. g3 g6 3. b3 Bg7 4. Bb2 O-O 5. Bg2 d5 6. O-O c5 7. c4 Nc6 8. cxd5
Nxd5 9. Bxg7 Kxg7 10. Qc1 b6 11. d4 Nxd4 12. Qb2 Kg8 13. Nxd4 cxd4 14. Qxd4 Bb7
15. Rd1 e6 16. Nd2 Qe7 17. Nc4 Rfd8 18. Ne5 Nf6 19. Qb2 Bxg2 20. Kxg2 Rac8 21.
f3 h5 22. Rdc1 Rxc1 23. Rxc1 Rd6 24. Rc8+ Kg7 25. Qc1 Nd7 26. Rc7 Qd8 27. Nd3
a5 28. Qc3+ Qf6 29. Qxf6+ Kxf6 30. f4 Rd5 31. Kf3 Ke7 32. h3 Kd6 33. Rc8 e5 34.
Nb2 exf4 35. Nc4+ Ke7 36. gxf4 Rd1 37. Rc7 Kd8 38. Rc6 Rh1 39. Nxb6 Nxb6 40.
Rxb6 Rxh3+ 41. Ke4 Rh2 42. Kf3 Rh3+ 43. Ke4 1/2-1/2

[Event "24. European Club Cup 2008"]
[Site "Kallithea GRE"]
[Date "2008.10.19"]
[Round "3.24"]
[White "Gengler, Pierre"]
[Black "Halldorsson, Gudmundur"]
[Result "0-1"]
[WhiteElo "2200"]
[BlackElo "2251"]
[PlyCount "90"]
[EventDate "2008.10.17"]
[EventType "team-swiss"]
[EventRounds "7"]
[EventCountry "GRE"]
[Source "lmi"]
[SourceDate "2008.10.17"]
[WhiteTeam "Differdange"]
[BlackTeam "Bolungarvik"]

1. e4 e6 2. d4 d5 3. Nc3 Bb4 4. exd5 exd5 5. Bd3 Nc6 6. a3 Bxc3+ 7. bxc3 Nge7
8. Qf3 O-O 9. Ne2 Be6 10. O-O Qd7 11. Nf4 g6 12. Nxe6 fxe6 13. Qe2 Rae8 14. Rb1
b6 15. Bb5 Nf5 16. g3 Nd6 17. Ba4 Nxd4 18. Bxd7 Nxe2+ 19. Kg2 Re7 20. Bc6 Nxc3
21. Rb3 Nce4 22. Re3 Ref7 23. Re2 a6 24. Bh6 Rd8 25. f3 Nf5 26. fxe4 Nxh6 27.
Rd1 d4 28. e5 Rf5 29. h3 Nf7 30. Rde1 Rf8 31. Bd7 Nd8 32. Rd1 Rf3 33. Rxd4 Rxa3
34. Bc8 Kg7 35. Rf2 Rxf2+ 36. Kxf2 Nf7 37. Bxe6 Nxe5 38. Bb3 c5 39. Re4 Kf6 40.
g4 g5 41. h4 h6 42. h5 b5 43. Bd5 Rc3 44. Re2 Nxg4+ 45. Ke1 Re3 0-1

[Event "24. European Club Cup 2008"]
[Site "Kallithea GRE"]
[Date "2008.10.19"]
[Round "3.25"]
[White "Dancevski, Orce"]
[Black "Lagerman, Robert"]
[Result "1/2-1/2"]
[WhiteElo "2421"]
[BlackElo "2363"]
[PlyCount "82"]
[EventDate "2008.10.17"]
[EventType "team-swiss"]
[EventRounds "7"]
[EventCountry "GRE"]
[Source "lmi"]
[SourceDate "2008.10.17"]
[WhiteTeam "Skopje"]
[BlackTeam "Hellir"]

1. d4 Nf6 2. c4 c5 3. d5 b5 4. cxb5 a6 5. b6 d6 6. Nc3 Nbd7 7. e4 g6 8. Nf3 Bg7
9. a4 a5 10. Bb5 O-O 11. O-O Nxb6 12. h3 Ba6 13. Re1 Bxb5 14. Nxb5 Ne8 15. Qe2
Nc7 16. Bf4 Na6 17. Rad1 Nxa4 18. e5 Nb4 19. b3 Nb6 20. exd6 exd6 21. Bxd6 Re8
22. Be7 Qd7 23. d6 N4d5 24. Qf1 a4 25. bxa4 Rxa4 26. Ne5 Bxe5 27. Rxe5 Rb4 28.
Nc7 Nxc7 29. dxc7 Qxc7 30. Bd6 Qc6 31. Rxc5 Qa8 32. Re5 Re4 33. Rxe8+ Rxe8 34.
Re1 Rxe1 35. Qxe1 Qd8 36. Bc5 Nd5 37. Qe5 f6 38. Qd4 Qd7 39. Qb2 Kg7 40. Qb8
Ne7 41. Qa7 Qxa7 1/2-1/2

[Event "24. European Club Cup 2008"]
[Site "Kallithea GRE"]
[Date "2008.10.19"]
[Round "3.25"]
[White "Stojcevski, Zoran"]
[Black "Bjornsson, Sigurbjorn"]
[Result "1/2-1/2"]
[WhiteElo "2392"]
[BlackElo "2323"]
[PlyCount "109"]
[EventDate "2008.10.17"]
[EventType "team-swiss"]
[EventRounds "7"]
[EventCountry "GRE"]
[Source "lmi"]
[SourceDate "2008.10.17"]
[WhiteTeam "Skopje"]
[BlackTeam "Hellir"]

1. e4 c5 2. Nc3 Nc6 3. f4 g6 4. Nf3 Bg7 5. d3 e6 6. g3 Nge7 7. Bg2 d6 8. O-O
O-O 9. g4 f5 10. h3 e5 11. gxf5 gxf5 12. fxe5 Nxe5 13. Nxe5 Bxe5 14. Bg5 Qe8
15. Qe1 Be6 16. Ne2 Ng6 17. exf5 Bxf5 18. Ng3 Qd7 19. Nxf5 Rxf5 20. Qd2 Raf8
21. Bh6 Bd4+ 22. Kh1 Rf2 23. Qg5 R8f5 24. Qg3 Rxf1+ 25. Rxf1 Rxf1+ 26. Bxf1
Bxb2 27. Bg2 Bg7 28. Bd5+ Kh8 29. Bg5 Qf5 30. Bg2 b6 31. h4 Be5 32. Qf3 Qxf3
33. Bxf3 Kg7 34. h5 Nf8 35. Bg4 h6 36. Be7 Nh7 37. Bf5 Nf6 38. Bxf6+ Kxf6 39.
Bg6 Bb2 40. c4 Ke5 41. a4 d5 42. cxd5 Kxd5 43. Kg2 Kd4 44. Kf3 Kc3 45. Ke2 a6
46. Be8 Bc1 47. Bd7 Bf4 48. Be8 Bc7 49. Bd7 b5 50. axb5 a5 51. Ke3 a4 52. b6
Bxb6 53. Bxa4 c4+ 54. Ke2 cxd3+ 55. Kd1 1/2-1/2

[Event "24. European Club Cup 2008"]
[Site "Kallithea GRE"]
[Date "2008.10.19"]
[Round "3.25"]
[White "Ilic, Ljubomir"]
[Black "Salama, Omar"]
[Result "1/2-1/2"]
[WhiteElo "2297"]
[BlackElo "2258"]
[PlyCount "65"]
[EventDate "2008.10.17"]
[EventType "team-swiss"]
[EventRounds "7"]
[EventCountry "GRE"]
[Source "lmi"]
[SourceDate "2008.10.17"]
[WhiteTeam "Skopje"]
[BlackTeam "Hellir"]

1. e4 c5 2. Nf3 Nc6 3. d4 cxd4 4. Nxd4 e5 5. Nb5 d6 6. N1c3 Nf6 7. Bg5 a6 8.
Na3 b5 9. Bxf6 gxf6 10. Nd5 Bg7 11. c3 f5 12. exf5 Bxf5 13. Nc2 Be6 14. g3 Ne7
15. Bg2 Rc8 16. O-O O-O 17. a4 Rc5 18. Nce3 Nxd5 19. Nxd5 bxa4 20. Rxa4 Bxd5
21. Bxd5 Qb6 22. c4 a5 23. Qd2 Kh8 24. Rfa1 f5 25. Rxa5 Rxa5 26. Rxa5 e4 27.
Rb5 Qd4 28. Qf4 Be5 29. Qh6 Qd1+ 30. Kg2 Qf3+ 31. Kg1 Qd1+ 32. Kg2 Qf3+ 33. Kg1
1/2-1/2

[Event "24. European Club Cup 2008"]
[Site "Kallithea GRE"]
[Date "2008.10.19"]
[Round "3.26"]
[White "Makoli, Perparim"]
[Black "Jessel, Stephen"]
[Result "0-1"]
[WhiteElo "2215"]
[BlackElo "2303"]
[PlyCount "86"]
[EventDate "2008.10.17"]
[EventType "team-swiss"]
[EventRounds "7"]
[EventCountry "GRE"]
[Source "lmi"]
[SourceDate "2008.10.17"]
[WhiteTeam "Istog"]
[BlackTeam "Phibsboro"]

1. e4 e6 2. d4 d5 3. Nc3 Nf6 4. e5 Nfd7 5. f4 c5 6. Nf3 Nc6 7. Be3 cxd4 8. Nxd4
Bc5 9. Qd2 O-O 10. O-O-O a6 11. Qf2 Bxd4 12. Bxd4 b5 13. Be3 b4 14. Na4 a5 15.
Bb5 Bb7 16. Qe2 Qc8 17. Nc5 Nxc5 18. Bxc5 Rd8 19. Qf2 Ba6 20. Bxc6 Qxc6 21. Bd6
Rdc8 22. Kb1 Qb5 23. Rhe1 Rc4 24. f5 Rac8 25. fxe6 fxe6 26. Rf1 Qe8 27. Qg3 Qh5
28. Rd2 Rg4 29. Qh3 Qg6 30. Rff2 h6 31. b3 Kh7 32. Qe3 Re4 33. Qa7 a4 34. Bxb4
Rxb4 35. Qxa6 axb3 36. axb3 Rxb3+ 37. Kc1 Rbc3 38. Qa7 Qg5 39. Kd1 Qxe5 40. g3
R8c7 41. Qd4 Qh5+ 42. g4 Qg6 43. Rg2 R3c4 0-1

[Event "24. European Club Cup 2008"]
[Site "Kallithea GRE"]
[Date "2008.10.19"]
[Round "3.26"]
[White "O'donovan, Richard"]
[Black "Salihu, Sami"]
[Result "0-1"]
[WhiteElo "2162"]
[BlackElo "2216"]
[PlyCount "27"]
[EventDate "2008.10.17"]
[EventType "team-swiss"]
[EventRounds "7"]
[EventCountry "GRE"]
[Source "lmi"]
[SourceDate "2008.10.17"]
[WhiteTeam "Phibsboro"]
[BlackTeam "Istog"]

1. e4 c5 2. Nf3 e6 3. c3 d5 4. e5 Nc6 5. d4 Qb6 6. a3 cxd4 7. cxd4 Nge7 8. b4
Nf5 9. Bb2 Bd7 10. g4 Nfe7 11. Nc3 h5 12. Na4 Qd8 13. g5 Nf5 14. Rg1 0-1

[Event "24. European Club Cup 2008"]
[Site "Kallithea GRE"]
[Date "2008.10.19"]
[Round "3.28"]
[White "Lehtivaara, Petri"]
[Black "Rouchouse, Stevens"]
[Result "1/2-1/2"]
[WhiteElo "2394"]
[BlackElo "2204"]
[PlyCount "72"]
[EventDate "2008.10.17"]
[EventType "team-swiss"]
[EventRounds "7"]
[EventCountry "GRE"]
[Source "lmi"]
[SourceDate "2008.10.17"]
[WhiteTeam "Matinkylaen"]
[BlackTeam "Monaco"]
[BlackTeamCountry "MNC"]

1. d4 Nf6 2. c4 c5 3. e3 g6 4. Nc3 Bg7 5. Nf3 O-O 6. d5 e6 7. Be2 exd5 8. cxd5
d6 9. Nd2 Na6 10. Nc4 Rb8 11. a4 Nb4 12. O-O b6 13. e4 Re8 14. f3 a6 15. Be3
Qc7 16. Bf4 Rd8 17. Qd2 Nh5 18. Bg5 Re8 19. g4 Bd4+ 20. Kh1 Nf6 21. Bf4 Be5 22.
Nxe5 dxe5 23. Bg3 Qe7 24. f4 Nxg4 25. Bxg4 Bxg4 26. fxe5 Rb7 27. Qh6 Nd3 28. d6
Qf8 29. Qg5 Be6 30. Rf3 c4 31. b3 Qg7 32. bxc4 Bxc4 33. Rd1 h6 34. Qe3 Nxe5 35.
Bxe5 Qxe5 36. Qxh6 Rd7 1/2-1/2